[Event "Plunge op 37th"]
[Site "Plateliai"]
[Date "2017.07.24"]
[Round "8"]
[White "Pakalniskis, Romas"]
[Black "Meskenaite, Rugile"]
[Result "1-0"]
[WhiteElo "1787"]
[BlackElo "1676"]
[PlyCount "71"]
[EventDate "2017.07.17"]
[EventType "swiss"]
[EventRounds "9"]
[EventCountry "LTU"]
[SourceTitle "EXT 2019"]
[Source "ChessBase"]
[SourceDate "2018.10.10"]
[SourceVersion "1"]
[SourceVersionDate "2018.10.10"]
[SourceQuality "1"]

1. d4 c5 2. Nf3 e6 3. e4 cxd4 4. Nxd4 Nc6 5. Nc3 g6 6. Ndb5 d6 7. Bf4 e5 8. Nd5 Be6 9. Nbc7+ Kd7 10. Nxa8 exf4 11. Nac7 a6 12. Nxe6 fxe6 13. Nxf4 Qf6 14. Nd3 Qd4 15. Be2 Nf6 16. 0-0 Nxe4 17. Bf3 Ng5 18. c3 Qb6 19. h4 Nf7 20. Re1 g5 21. Qb3 Qxb3 22. axb3 gxh4 23. Bxc6+ Kxc6 24. Rxe6 Rg8 25. Rae1 Ng5 26. R6e3 h6 27. g3 h5 28. Kh2 Bh6 29. f4 Nh7 30. Re6 Bg7 31. Re8 Rxe8 32. Rxe8 Kd7 33. Rb8 Kc7 34. Rg8 Bf6 35. Rg6 Bd8 36. Rg7+ 1-0

[Event "Plunge op 37th"]
[Site "Plateliai"]
[Date "2017.07.21"]
[Round "5"]
[White "Meskenaite, Rugile"]
[Black "Liandzbergas, Mykolas"]
[Result "1-0"]
[WhiteElo "1676"]
[BlackElo "1425"]
[PlyCount "37"]
[EventDate "2017.07.17"]
[EventType "swiss"]
[EventRounds "9"]
[EventCountry "LTU"]
[SourceTitle "EXT 2019"]
[Source "ChessBase"]
[SourceDate "2018.10.10"]
[SourceVersion "1"]
[SourceVersionDate "2018.10.10"]
[SourceQuality "1"]

1. e4 e6 2. d4 d5 3. exd5 exd5 4. Qf3 Nc6 5. c3 h6 6. h3 Nf6 7. Bd3 Bd6 8. Ne2 Be6 9. 0-0 Qd7 10. Bf4 0-0 11. Bxh6 Ne7 12. Bg5 Nh7 13. Qh5 Nxg5 14. Qxg5 Bf5 15. Bxf5 Nxf5 16. Nd2 Rae8 17. Nf4 c6 18. Nh5 Re6 19. Qxf5 1-0

[Event "LTU-ch U18 Girls"]
[Site "Kaunas"]
[Date "2017.04.10"]
[Round "6"]
[White "Fokaite, Gabriele"]
[Black "Meskenaite, Rugile"]
[Result "1/2-1/2"]
[WhiteElo "1577"]
[BlackElo "1706"]
[PlyCount "28"]
[EventDate "2017.04.05"]
[EventType "tourn"]
[EventRounds "6"]
[EventCountry "LTU"]
[SourceTitle "CBM 177 Extra"]
[Source "ChessBase"]
[SourceDate "2017.04.27"]
[SourceVersion "1"]
[SourceVersionDate "2017.04.27"]
[SourceQuality "1"]

1. e4 e5 2. Nc3 Nc6 3. f4 d6 4. Nf3 Nf6 5. Bc4 Be6 6. Bxe6 fxe6 7. fxe5 Nxe5 8. Nxe5 dxe5 9. d3 Be7 10. Bd2 a6 11. Qe2 Qd6 12. a3 Qb6 13. 0-0-0 0-0-0 14. Rhf1 Rhf8 1/2-1/2

[Event "LTU-ch U18 Girls"]
[Site "Kaunas"]
[Date "2017.04.07"]
[Round "3"]
[White "Meskenaite, Rugile"]
[Black "Fokaite, Gabriele"]
[Result "1/2-1/2"]
[WhiteElo "1706"]
[BlackElo "1577"]
[PlyCount "109"]
[EventDate "2017.04.05"]
[EventType "tourn"]
[EventRounds "6"]
[EventCountry "LTU"]
[SourceTitle "CBM 177 Extra"]
[Source "ChessBase"]
[SourceDate "2017.04.27"]
[SourceVersion "1"]
[SourceVersionDate "2017.04.27"]
[SourceQuality "1"]

1. d4 d5 2. Bf4 e6 3. e3 Nf6 4. Nf3 Nbd7 5. Bd3 Be7 6. 0-0 0-0 7. Nc3 a6 8. Ne2 b6 9. c3 Bb7 10. Ng3 Ne4 11. Nh5 f5 12. Ne5 Ndf6 13. Qe2 Qe8 14. Nxf6+ Bxf6 15. f3 Nd6 16. Bg3 a5 17. Rac1 Rc8 18. b3 Nf7 19. Nxf7 Qxf7 20. e4 Qd7 21. Qc2 Bg5 22. f4 dxe4 23. fxg5 exd3 24. Qxd3 Qd5 25. Rc2 Qd8 26. Qe3 Be4 27. Rd2 Qe7 28. Be5 c5 29. dxc5 Qxc5 30. Bd4 Qc6 31. Bxb6 a4 32. Bd4 axb3 33. axb3 Qb7 34. b4 Rfd8 35. Rfd1 Qb5 36. Bc5 Rxd2 37. Qxd2 Bd5 38. Qe3 Qc4 39. Ra1 Qg4 40. g3 Qh3 41. Qf2 Qg4 42. h4 Qh3 43. Qh2 Qg4 44. Bd4 Qe4 45. Qh3 e5 46. Bc5 Qc2 47. Rf1 Be4 48. Qh2 Qxc3 49. Qa2+ Kh8 50. Kh2 Ra8 51. Qf7 Qb2+ 52. Bf2 Qxb4 53. Ra1 Qb8 54. Rxa8 Qxa8 55. Qa7 1/2-1/2

[Event "LTU-chT (Women)"]
[Site "Vilnius"]
[Date "2017.02.18"]
[Round "4.3"]
[White "Perminaite, Guoda"]
[Black "Meskenaite, Rugile"]
[Result "1-0"]
[WhiteElo "1814"]
[BlackElo "1702"]
[PlyCount "105"]
[EventDate "2017.01.28"]
[EventType "team-tourn"]
[EventRounds "7"]
[EventCountry "LTU"]
[SourceTitle "EXT 2018"]
[Source "ChessBase"]
[SourceDate "2017.10.13"]
[SourceVersion "1"]
[SourceVersionDate "2017.10.13"]
[SourceQuality "1"]
[WhiteTeam "Kaunas Margiris (W)"]
[BlackTeam "VSK (W)"]
[WhiteTeamCountry "LTU"]
[BlackTeamCountry "LTU"]

1. e4 e5 2. Nf3 Nc6 3. Bb5 a6 4. Ba4 Nf6 5. d3 b5 6. Bb3 d6 7. c3 Be7 8. 0-0 0-0 9. Re1 Bg4 10. Nbd2 Qd7 11. Nf1 d5 12. exd5 Nxd5 13. h3 Bxf3 14. Qxf3 Rad8 15. Be3 Kh8 16. Rad1 f5 17. Qxd5 Qxd5 18. Bxd5 Rxd5 19. f4 Bc5 20. Bxc5 Rxc5 21. fxe5 Rxe5 22. d4 Ree8 23. Kf2 Kg8 24. Nd2 g6 25. Nf3 Kf7 26. Ng5+ Kg8 27. Ne6 Rf7 28. Nc5 Rxe1 29. Rxe1 a5 30. Re6 Ne7 31. Nb7 a4 32. Nd8 Rg7 33. Re5 c6 34. Rc5 Nd5 35. Nxc6 Nc7 36. Ne5 Re7 37. Nd3 Rd7 38. Nb4 Kf7 39. Nc2 Ke6 40. Re5+ Kd6 41. Nb4 Rd8 42. Ke3 Re8 43. Rxe8 Nxe8 44. b3 axb3 45. axb3 g5 46. c4 bxc4 47. bxc4 Nc7 48. Nd3 Ne6 49. g3 h5 50. h4 g4 51. d5 Ng7 52. Kf4 Ke7 53. Ke5 1-0

[Event "LTU-chT (Women)"]
[Site "Vilnius"]
[Date "2017.01.29"]
[Round "2.3"]
[White "Plutaite, Ausra"]
[Black "Meskenaite, Rugile"]
[Result "0-1"]
[WhiteElo "1309"]
[BlackElo "1702"]
[PlyCount "100"]
[EventDate "2017.01.28"]
[EventType "team-tourn"]
[EventRounds "7"]
[EventCountry "LTU"]
[SourceTitle "EXT 2018"]
[Source "ChessBase"]
[SourceDate "2017.10.13"]
[SourceVersion "1"]
[SourceVersionDate "2017.10.13"]
[SourceQuality "1"]
[WhiteTeam "Kaunas Margiris (W) II"]
[BlackTeam "VSK (W)"]
[WhiteTeamCountry "LTU"]
[BlackTeamCountry "LTU"]

1. e4 e5 2. Nf3 Nc6 3. Bc4 Bc5 4. b4 Bxb4 5. c3 Bf8 6. d4 exd4 7. 0-0 g6 8. Qb3 Qe7 9. Re1 Na5 10. Qa4 Nxc4 11. Qxc4 Bg7 12. cxd4 Qd6 13. e5 Qc6 14. Qb3 Ne7 15. Ba3 Qb6 16. Qc4 Qc6 17. Qb3 Qe6 18. Qb4 Nd5 19. Qd2 b6 20. Nc3 Bb7 21. Ng5 Qg4 22. Nh3 Nxc3 23. Nf4 Nd5 24. g3 Qf3 25. Qd3 Nxf4 26. Qxf3 Bxf3 27. gxf4 Bh6 28. Rac1 c6 29. Rc3 Bd5 30. Bd6 Bxa2 31. Ra3 Bd5 32. Rb1 f6 33. exf6 Kf7 34. Be5 Rhe8 35. h4 Bf8 36. Rh3 d6 37. h5 Be4 38. Re1 Bf5 39. hxg6+ Bxg6 40. Rc3 dxe5 41. fxe5 Bb4 42. e6+ Kxf6 43. Rf3+ Ke7 44. Rc1 Kd6 45. Rb3 a5 46. f4 Rxe6 47. Rf1 Rf8 48. Kg2 Re4 49. Rd3 Re2+ 50. Kg3 Bxd3 0-1

[Event "Plunge op 36th"]
[Site "Plateliai"]
[Date "2016.07.21"]
[Round "5"]
[White "Fokaite, Gabriele"]
[Black "Meskenaite, Rugile"]
[Result "0-1"]
[WhiteElo "1596"]
[BlackElo "1702"]
[PlyCount "68"]
[EventDate "2016.07.18"]
[EventType "swiss"]
[EventRounds "9"]
[EventCountry "LTU"]
[SourceTitle "EXT 2018"]
[Source "ChessBase"]
[SourceDate "2017.10.13"]
[SourceVersion "1"]
[SourceVersionDate "2017.10.13"]
[SourceQuality "1"]

1. e4 e5 2. Nc3 Nf6 3. f4 d6 4. Nf3 Nc6 5. Bc4 Be7 6. 0-0 0-0 7. d4 Bg4 8. Be3 Bxf3 9. Rxf3 Ng4 10. Nd5 Nxe3 11. Rxe3 Nxd4 12. Rh3 c6 13. Qh5 h6 14. Nxe7+ Qxe7 15. c3 Ne6 16. Qg4 Qf6 17. f5 Nf4 18. Rg3 d5 19. exd5 cxd5 20. Bb3 Rad8 21. Rd1 h5 22. Qf3 Qxf5 23. Re1 e4 24. Qf1 Qe5 25. h4 Ne6 26. Qd3 f5 27. Rg6 Nc5 28. Qb5 Nxb3 29. Qxb3 b6 30. Rg5 Rf6 31. Qa4 g6 32. Qxa7 d4 33. cxd4 Qxd4+ 34. Kh1 Qf2 0-1

[Event "Plunge op 36th"]
[Site "Plateliai"]
[Date "2016.07.21"]
[Round "6"]
[White "Meskenaite, Rugile"]
[Black "Stremavicius, Pijus"]
[Result "0-1"]
[WhiteElo "1702"]
[BlackElo "1887"]
[PlyCount "98"]
[EventDate "2016.07.18"]
[EventType "swiss"]
[EventRounds "9"]
[EventCountry "LTU"]
[SourceTitle "EXT 2018"]
[Source "ChessBase"]
[SourceDate "2017.10.13"]
[SourceVersion "1"]
[SourceVersionDate "2017.10.13"]
[SourceQuality "1"]

1. e4 c5 2. Nf3 Nc6 3. d4 cxd4 4. Nxd4 Nf6 5. Nc3 d6 6. Bc4 Bd7 7. 0-0 g6 8. Be3 Ng4 9. Nce2 Nxe3 10. fxe3 Ne5 11. Bb3 Bh6 12. Nf4 0-0 13. Qe1 Rc8 14. Qh4 Bg7 15. Nd5 e6 16. Nf6+ Bxf6 17. Qxf6 Qxf6 18. Rxf6 Kg7 19. Raf1 Nc4 20. Bxc4 Rxc4 21. b3 Rc7 22. c4 a6 23. R6f2 e5 24. Ne2 b5 25. cxb5 Bxb5 26. Rd1 Rfc8 27. Ng3 Rc1 28. Rfd2 Rxd1+ 29. Rxd1 Rd8 30. Kf2 Kf8 31. Rc1 Ke7 32. Ne2 Kd7 33. Nc3 Rc8 34. Ke1 Bc6 35. Kd2 f5 36. Nd5 Bxd5 37. Rxc8 Kxc8 38. exd5 Kc7 39. Kd3 Kb6 40. Kc4 g5 41. a3 a5 42. Kd3 h5 43. h3 Kc5 44. e4 f4 45. Kc3 g4 46. hxg4 hxg4 47. Kd3 g3 48. Ke2 Kd4 49. Kf3 Kc3 0-1

[Event "Plunge op 36th"]
[Site "Plateliai"]
[Date "2016.07.20"]
[Round "4"]
[White "Meskenaite, Rugile"]
[Black "Juksta, Karolis"]
[Result "0-1"]
[WhiteElo "1702"]
[BlackElo "2022"]
[PlyCount "90"]
[EventDate "2016.07.18"]
[EventType "swiss"]
[EventRounds "9"]
[EventCountry "LTU"]
[SourceTitle "EXT 2018"]
[Source "ChessBase"]
[SourceDate "2017.10.13"]
[SourceVersion "1"]
[SourceVersionDate "2017.10.13"]
[SourceQuality "1"]

1. e4 e6 2. d4 d5 3. exd5 exd5 4. Nf3 Nf6 5. Bg5 Bg4 6. Bd3 c5 7. c3 c4 8. Bc2 Be7 9. Nbd2 0-0 10. 0-0 Nbd7 11. Re1 Re8 12. Bb1 b5 13. Qc2 g6 14. Ne5 Nxe5 15. dxe5 Nd7 16. Bxe7 Rxe7 17. h3 Bf5 18. Qd1 Bxb1 19. Rxb1 Nxe5 20. Qe2 Qd6 21. f4 Nc6 22. Qg4 Rae8 23. Nf3 Re4 24. Rbd1 Kg7 25. Qg3 R8e6 26. Ne5 Qc5+ 27. Kh1 Rxe1+ 28. Rxe1 d4 29. Qf2 Nxe5 30. Rxe5 Rxe5 31. fxe5 Qxe5 32. cxd4 Qd5 33. Qd2 f5 34. Kg1 Kf6 35. Kf2 Ke6 36. Qf4 Qe4 37. Qd2 Kd5 38. Qa5 Qxd4+ 39. Kf1 Qxb2 40. Qd8+ Ke4 41. Qd1 c3 42. Qf3+ Kd4 43. Qf4+ Kd3 44. Qf3+ Kc2 45. Qe2+ Kb1 0-1

[Event "LTU-chT (Women)"]
[Site "Vilnius"]
[Date "2016.01.23"]
[Round "1.1"]
[White "Malisauskiene, Marina"]
[Black "Meskenaite, Rugile"]
[Result "1-0"]
[WhiteElo "1940"]
[BlackElo "1669"]
[PlyCount "115"]
[EventDate "2016.01.23"]
[EventType "team-swiss"]
[EventRounds "7"]
[EventCountry "LTU"]
[SourceTitle "EXT 2017"]
[Source "ChessBase"]
[SourceDate "2016.10.25"]
[SourceVersion "1"]
[SourceVersionDate "2016.10.25"]
[SourceQuality "1"]
[WhiteTeam "Kaunas Margiris (W) III"]
[BlackTeam "Plunge Bokstas (W)"]
[WhiteTeamCountry "LTU"]
[BlackTeamCountry "LTU"]

1. d4 d5 2. c4 e5 3. e3 exd4 4. exd4 Nf6 5. a3 c6 6. Nc3 Bd6 7. cxd5 cxd5 8. Nf3 0-0 9. Be2 Nbd7 10. 0-0 b6 11. Bg5 Bb7 12. Bd3 Qb8 13. Re1 Bf4 14. g3 Bxg5 15. Nxg5 h6 16. Nf3 a6 17. Bf5 Qd6 18. Ne5 Rfe8 19. f4 Nf8 20. Qb3 b5 21. Rad1 Ne6 22. Rd3 Rad8 23. Bxe6 Qxe6 24. Kg2 Ne4 25. Qc2 Rc8 26. Rde3 f6 27. Nf3 Qg4 28. Qb3 Qe6 29. Nd1 Kh8 30. Nf2 Qc6 31. R1e2 Nd6 32. Qd3 Rxe3 33. Rxe3 Ne4 34. Re2 a5 35. Ne1 Qc4 36. Rc2 Qxd3 37. Rxc8+ Bxc8 38. Nexd3 Nd6 39. Nc5 Nf5 40. b4 axb4 41. axb4 Nxd4 42. Nd1 Nc2 43. Nc3 Nxb4 44. Nxb5 Bf5 45. Nd4 Bb1 46. Kf2 Kg8 47. Ke2 Kf7 48. Kd2 f5 49. Kc3 Kg6 50. Kxb4 Kh5 51. Nce6 g5 52. h3 Be4 53. Kc5 Kg6 54. Kd6 Kf6 55. Ne2 Bf3 56. Nc3 d4 57. Nxd4 Bg2 58. h4 1-0

[Event "Plunge City-ch"]
[Site "Plunge"]
[Date "2016.01.17"]
[Round "2.3"]
[White "Jurcius, Modestas"]
[Black "Meskenaite, Rugile"]
[Result "0-1"]
[WhiteElo "1479"]
[BlackElo "1669"]
[PlyCount "66"]
[EventDate "2016.01.17"]
[EventType "swiss"]
[EventRounds "9"]
[EventCountry "LTU"]
[SourceTitle "EXT 2024"]
[Source "ChessBase"]
[SourceDate "2023.10.10"]
[SourceVersion "1"]
[SourceVersionDate "2023.10.10"]
[SourceQuality "1"]

1. e4 e5 2. Nf3 Nc6 3. d4 exd4 4. Nxd4 Bc5 5. Be3 Bb6 6. g3 Nge7 7. Bg2 d6 8. 0-0 0-0 9. c3 Qe8 10. Nd2 Ne5 11. Qe2 f5 12. f4 Ng4 13. Nxf5 Nxf5 14. Bxb6 axb6 15. Bf3 Nfh6 16. f5 Ne5 17. Bh5 Qe7 18. Nf3 Nhf7 19. Qe3 Nxf3+ 20. Rxf3 Ng5 21. Rf4 Nh3+ 22. Kg2 Nxf4+ 23. Qxf4 Bd7 24. Re1 Rxa2 25. Re2 Qe5 26. Qe3 Bc6 27. Qd3 b5 28. Bf3 Qc5 29. Kh3 Qc4 30. Qb1 Raa8 31. Qc2 Rae8 32. b3 Qf7 33. Kg2 d5 0-1

[Event "Plunge City-ch"]
[Site "Plunge"]
[Date "2016.01.17"]
[Round "6.2"]
[White "Kurmis, Edvinas"]
[Black "Meskenaite, Rugile"]
[Result "0-1"]
[WhiteElo "1348"]
[BlackElo "1669"]
[PlyCount "20"]
[EventDate "2016.01.17"]
[EventType "swiss"]
[EventRounds "9"]
[EventCountry "LTU"]
[SourceTitle "EXT 2024"]
[Source "ChessBase"]
[SourceDate "2023.10.10"]
[SourceVersion "1"]
[SourceVersionDate "2023.10.10"]
[SourceQuality "1"]

1. d4 d5 2. c4 e5 3. dxe5 d4 4. a3 Ne7 5. e3 Nbc6 6. exd4 Qxd4 7. Qxd4 Nxd4 8. Ra2 Bf5 9. Be2 Bxb1 10. Ra1 Nc2+ 0-1

[Event "Plunge City-ch"]
[Site "Plunge"]
[Date "2016.01.17"]
[Round "1.5"]
[White "Meskenaite, Rugile"]
[Black "Kirklys, Domantas"]
[Result "1-0"]
[WhiteElo "1669"]
[BlackElo "1153"]
[PlyCount "51"]
[EventDate "2016.01.17"]
[EventType "swiss"]
[EventRounds "9"]
[EventCountry "LTU"]
[SourceTitle "EXT 2024"]
[Source "ChessBase"]
[SourceDate "2023.10.10"]
[SourceVersion "1"]
[SourceVersionDate "2023.10.10"]
[SourceQuality "1"]

1. e4 e5 2. Nf3 Nc6 3. d4 exd4 4. Bc4 d6 5. Nxd4 Nxd4 6. Qxd4 Nf6 7. 0-0 Be7 8. Nc3 0-0 9. f4 c5 10. Qd3 Be6 11. f5 Bxc4 12. Qxc4 h6 13. Qd3 a6 14. Qg3 Nh5 15. Qh3 Nf6 16. b3 Nh7 17. Nd5 Bf6 18. c3 Ng5 19. Qg4 b5 20. Rb1 Rb8 21. h4 Nh7 22. Bxh6 a5 23. Bxg7 Bxg7 24. f6 Nxf6 25. Nxf6+ Qxf6 26. Rxf6 1-0

[Event "Panevezys op-B 28th"]
[Site "Panevezys"]
[Date "2015.08.18"]
[Round "2"]
[White "Meskenaite, Rugile"]
[Black "Sarauskas, Andrius"]
[Result "1-0"]
[WhiteElo "1606"]
[BlackElo "1549"]
[PlyCount "73"]
[EventDate "2015.08.17"]
[EventType "swiss"]
[EventRounds "9"]
[EventCountry "LTU"]
[SourceTitle "EXT 2016"]
[Source "ChessBase"]
[SourceDate "2015.10.08"]
[SourceVersion "1"]
[SourceVersionDate "2015.10.08"]
[SourceQuality "1"]

1. e4 c6 2. d4 d5 3. Nc3 dxe4 4. Nxe4 Nf6 5. Ng3 e6 6. Nf3 Be7 7. Bd3 Nbd7 8. 0-0 0-0 9. c4 b6 10. b3 Bb7 11. Bb2 c5 12. Bc2 Qc7 13. Qe2 Rfe8 14. Rad1 Qf4 15. Rd3 cxd4 16. Bxd4 Nc5 17. Be5 Qh6 18. Rd4 Nfd7 19. Bf4 g5 20. Bc1 f5 21. b4 f4 22. Nh1 g4 23. Ne1 e5 24. Qxg4+ Kh8 25. Rxd7 Nxd7 26. Qxd7 Rab8 27. f3 Bxb4 28. Bb2 Bc5+ 29. Nf2 Re7 30. Qf5 Qg7 31. Kh1 Rg8 32. Ng4 Bc8 33. Qh5 Bxg4 34. fxg4 Bd6 35. Rxf4 Qg5 36. Qxg5 Rxg5 37. Nf3 1-0

[Event "Klaipeda Sea op-B 12th"]
[Site "Klaipeda"]
[Date "2015.07.30"]
[Round "4"]
[White "Kerpe, Mantas"]
[Black "Meskenaite, Rugile"]
[Result "1-0"]
[WhiteElo "1465"]
[BlackElo "1596"]
[PlyCount "89"]
[EventDate "2015.07.27"]
[EventType "swiss"]
[EventRounds "7"]
[EventCountry "LTU"]
[SourceTitle "CBM 167 Extra"]
[Source "ChessBase"]
[SourceDate "2015.09.14"]
[SourceVersion "1"]
[SourceVersionDate "2015.09.14"]
[SourceQuality "1"]

1. e4 e5 2. Nf3 Nc6 3. Nc3 Nf6 4. d4 exd4 5. Nxd4 Bb4 6. Nxc6 bxc6 7. Bd3 0-0 8. 0-0 d5 9. exd5 cxd5 10. Bg5 Be6 11. Qf3 Be7 12. h3 Rb8 13. b3 c6 14. Ne2 Nd7 15. Bf4 Ra8 16. Rab1 Bf6 17. Bd6 Re8 18. Nf4 Ne5 19. Bxe5 Bxe5 20. Nxe6 Rxe6 21. c4 a5 22. cxd5 cxd5 23. Bf5 Rd6 24. Bxh7+ Kf8 25. Bd3 Qh4 26. Rbd1 Rad8 27. Be2 d4 28. Bc4 Rf6 29. Qg4 Qh6 30. Rd3 Rfd6 31. Re1 Bf6 32. Qf5 Qg5 33. Qxg5 Bxg5 34. Re5 Bc1 35. Rxa5 Bb2 36. Ra7 Rf6 37. a4 Bc3 38. f3 Re8 39. Rd1 g6 40. a5 Kg7 41. a6 Rd8 42. Rb7 Ra8 43. Rd7 Raxa6 44. Bxa6 Rxa6 45. R7xd4 1-0

[Event "Plunge op 35th"]
[Site "Plateliai"]
[Date "2015.07.23"]
[Round "6"]
[White "Riauka, Vytautas"]
[Black "Meskenaite, Rugile"]
[Result "0-1"]
[WhiteElo "1562"]
[BlackElo "1596"]
[PlyCount "74"]
[EventDate "2015.07.20"]
[EventType "swiss"]
[EventRounds "9"]
[EventCountry "LTU"]
[SourceTitle "EXT 2018"]
[Source "ChessBase"]
[SourceDate "2017.10.13"]
[SourceVersion "1"]
[SourceVersionDate "2017.10.13"]
[SourceQuality "1"]

1. d4 d5 2. c4 e5 3. e3 exd4 4. Qxd4 Nf6 5. Nc3 Be6 6. c5 Nc6 7. Bb5 Be7 8. Nf3 0-0 9. Bxc6 bxc6 10. b4 Nd7 11. Bb2 Bf6 12. Qd2 a5 13. a3 Qb8 14. Na2 Bxb2 15. Qxb2 axb4 16. Nxb4 Nxc5 17. 0-0 Na4 18. Qd2 c5 19. Nc6 Qb5 20. Nce5 f6 21. Rfb1 Qa6 22. Nd3 c4 23. Nf4 Rfd8 24. Nd4 Bf7 25. Rc1 c5 26. Nf5 Kh8 27. Qe2 Be6 28. Nxe6 Qxe6 29. Ng3 c3 30. Qc2 d4 31. exd4 cxd4 32. Rd1 Nb2 33. Re1 Qc4 34. Rac1 Nd3 35. Re7 Nxc1 36. Qxc1 d3 37. Re4 Qb3 0-1

[Event "Palanga op"]
[Site "Palanga"]
[Date "2015.06.17"]
[Round "4"]
[White "Indriunas, Matas"]
[Black "Meskenaite, Rugile"]
[Result "0-1"]
[WhiteElo "1656"]
[BlackElo "1536"]
[PlyCount "76"]
[EventDate "2015.06.15"]
[EventType "swiss"]
[EventRounds "9"]
[EventCountry "LTU"]
[SourceTitle "CBM 167 Extra"]
[Source "ChessBase"]
[SourceDate "2015.09.14"]
[SourceVersion "1"]
[SourceVersionDate "2015.09.14"]
[SourceQuality "1"]

1. e4 e5 2. Nf3 Nc6 3. Bc4 Bc5 4. 0-0 d6 5. c3 Bg4 6. h3 Bh5 7. d3 Nge7 8. Be3 Bb6 9. d4 exd4 10. cxd4 0-0 11. Nc3 Bxf3 12. gxf3 Ng6 13. Kh2 Qh4 14. Rg1 Kh8 15. Rg4 Qe7 16. Nd5 Qd7 17. Nxb6 axb6 18. Bb5 f5 19. Rg1 f4 20. Bd2 Qe7 21. Bc3 Qh4 22. Qd2 Rad8 23. Rg4 Qh5 24. Be2 Rf6 25. Rag1 Rdf8 26. Rg5 Qh4 27. Bb5 Nd8 28. R1g4 Qh6 29. e5 Rf5 30. Rxf5 Rxf5 31. Qe1 dxe5 32. dxe5 Ne6 33. Bf1 Qh5 34. Bd3 Ng5 35. Rxg5 Rxg5 36. Bxg6 Qxf3 37. Be4 Rg2+ 38. Kh1 Qxh3# 0-1

[Event "LTU-ch U16 Girls"]
[Site "Panevezys"]
[Date "2015.04.02"]
[Round "5"]
[White "Pilipaviciute, Aiste"]
[Black "Meskenaite, Rugile"]
[Result "1/2-1/2"]
[WhiteElo "1572"]
[BlackElo "1523"]
[PlyCount "102"]
[EventDate "2015.03.30"]
[EventType "swiss"]
[EventRounds "7"]
[EventCountry "LTU"]
[SourceTitle "EXT 2017"]
[Source "ChessBase"]
[SourceDate "2016.10.25"]
[SourceVersion "1"]
[SourceVersionDate "2016.10.25"]
[SourceQuality "1"]

1. d4 c5 2. e3 cxd4 3. exd4 d5 4. Nf3 Nf6 5. Bd3 Nc6 6. 0-0 Bg4 7. Be2 e6 8. h3 Bh5 9. Re1 Bd6 10. Bg5 0-0 11. Ne5 Bxe2 12. Rxe2 Be7 13. c3 Rc8 14. Nd2 h6 15. Bxf6 Bxf6 16. Ndf3 Qd6 17. Qd3 Bd8 18. Rd1 Bc7 19. Rde1 Ne7 20. Qb5 a6 21. Qd7 Rfd8 22. Qxd6 Rxd6 23. Nd3 Bb6 24. Nfe5 Nc6 25. Nxc6 Rdxc6 26. Re3 Re8 27. f4 Bc7 28. g3 f6 29. Nc5 e5 30. fxe5 fxe5 31. Nxb7 Rb8 32. Nc5 Rxb2 33. Nd3 Rd2 34. Nxe5 Re6 35. R1e2 Bxe5 36. dxe5 Rd1+ 37. Kg2 d4 38. cxd4 Rxd4 39. Kf3 h5 40. Re4 Rd3+ 41. Kf4 h4 42. Kf5 Kf7 43. Rxh4 Rxg3 44. Rf4 Ke7 45. h4 g6+ 46. Ke4 Ra3 47. Rd2 Ra4+ 48. Rd4 Rxa2 49. Rd5 a5 50. Kd3 a4 51. Ra5 a3 1/2-1/2